Pháp luật về giải quyết vụ việc phá sản của doanh nghiệp tại Tòa án theo Luật phá sản năm 2014 : Luận văn tốt nghiệp cao học ngành: Lý thuyết xác suất và thống kê toán học

Đề tài nghiên cứu nhằm mục đích hoàn thiện các quy định của pháp luật trong lĩnh vực thủ tục giải quyết những vụ việc phá sản phát sinh tại Tòa án, làm tư liệu nghiên cứu đề xuất sửa đổi bổ sung các quy định của pháp luật trong luật phá...

Volledige beschrijving

Bewaard in:
Bibliografische gegevens
Hoofdauteur: Đặng, Thị Vàng
Formaat: Boek
Taal:Undetermined
Gepubliceerd in: Cần Thơ Trường đại học Cần Thơ 2018
Onderwerpen:
Tags: Voeg label toe
Geen labels, Wees de eerste die dit record labelt!
Thư viện lưu trữ: Trung tâm Học liệu Trường Đại học Cần Thơ
LEADER 01470nam a2200217Ia 4500
001 CTU_228324
008 210402s9999 xx 000 0 und d
082 |a 346.59707 
082 |b V106 
088 |a 8380107 
100 |a Đặng, Thị Vàng 
245 0 |a Pháp luật về giải quyết vụ việc phá sản của doanh nghiệp tại Tòa án theo Luật phá sản năm 2014 : 
245 0 |b Luận văn tốt nghiệp cao học ngành: Lý thuyết xác suất và thống kê toán học 
245 0 |c Đặng Thị Vàng ; Nguyễn Hạnh, Cao Nhất Linh (hướng dẫn khoa học) 
260 |a Cần Thơ 
260 |b Trường đại học Cần Thơ 
260 |c 2018 
520 |a Đề tài nghiên cứu nhằm mục đích hoàn thiện các quy định của pháp luật trong lĩnh vực thủ tục giải quyết những vụ việc phá sản phát sinh tại Tòa án, làm tư liệu nghiên cứu đề xuất sửa đổi bổ sung các quy định của pháp luật trong luật phá sản nhằm tháo gỡ những khó khăn, vướng mắc cho hệ thống Tòa án, nhằm hoàn thiện hơn khi áp dụng Luật phá sản vào thực tiễn. 
650 |a Luật phá sản,Bankruptcy law 
910 |b dqhieu 
980 |a Trung tâm Học liệu Trường Đại học Cần Thơ